| 000 | 00885cam a2200181 4500 | ||
|---|---|---|---|
| 001 | WS116500 | ||
| 008 | 020128n 000 0 eng u | ||
| 035 | _a(Sirsi) u116500 | ||
| 245 | _ae-Business Clubs | ||
| 520 | _aWeb site for these clubs designed to provide UK businesses with the essential information and help they require to integrate e-business into their business processes run in partnership with local chambers of commerce. Includes frequently asked questions about the clubs, details of your nearest club and a discussion forum. | ||
| 650 | _aMANAGEMENT-BUSINESS MANAGEMENT-INFORMATION MANAGEMENT | ||
| 650 | _aE-COMMERCE | ||
| 650 | _aDISCUSSION FORUM | ||
| 650 | _aBRITISH CHAMBERS OF COMMERCE | ||
| 690 | _aMANAGEMENT-BUSINESS MANAGEMENT | ||
| 856 | 4 | 0 |
_uhttps://www.ebusinessclubs.co.uk _zView the website free of charge at www.ebusinessclubs.co.uk... |
| 942 | _n0 | ||
| 999 |
_c119999 _d119999 |
||